[Event "Uniagraria AlphaZero op 2nd"]
[Site "Uniagraria"]
[Date "2019.11.11"]
[Round "7"]
[White "Lancheros Lancheros, William"]
[Black "Correa, Flavio"]
[Result "0-1"]
[WhiteElo "1479"]
[BlackElo "1776"]
[PlyCount "135"]
[EventDate "2019.11.08"]
[EventType "swiss"]
[EventRounds "7"]
[EventCountry "COL"]
[SourceTitle "CBM 193 Extra"]
[Source "ChessBase"]
[SourceDate "2020.01.31"]
[SourceVersion "1"]
[SourceVersionDate "2020.01.31"]
[SourceQuality "1"]

1. e4 c5 2. Nf3 d6 3. d4 cxd4 4. Nxd4 Nf6 5. Nc3 a6 6. Be2 e5 7. Nb3 b5 8. a3 Bb7 9. Qd3 Be7 10. 0-0 Nbd7 11. Be3 Qc7 12. Nd5 Nxd5 13. exd5 0-0 14. Rad1 Rac8 15. c3 f5 16. f4 e4 17. Qd2 Nb6 18. Bxb6 Qxb6+ 19. Qd4 Qc7 20. Qd2 Rf6 21. Kh1 Bd8 22. Nd4 Qf7 23. Nc2 Bb6 24. h3 h5 25. Kh2 h4 26. Kh1 Qg6 27. Qe1 Qh6 28. Rd2 Rg6 29. Nd4 Rg3 30. Bd1 Qg6 31. Bb3 Bxd4 32. Rxd4 Rxg2 33. Rg1 Rxg1+ 34. Qxg1 Qh6 35. Qe3 Qh5 36. Rd1 Kf7 37. Rg1 g6 38. Rg5 Qh7 39. Qd4 Qg7 40. Qe3 Qh8 41. Rg1 Qh5 42. Qd2 Qf3+ 43. Qg2 Qxf4 44. Rf1 Qg3 45. Qxg3 hxg3 46. Kg2 Rc5 47. Kxg3 Bxd5 48. Bc2 Kg7 49. Kf4 a5 50. Rd1 b4 51. Rd2 bxa3 52. bxa3 Rxc3 53. Rxd5 Rxc2 54. Rxd6 Rc3 55. Ra6 Rxh3 56. a4 Rh4+ 57. Ke3 Rh3+ 58. Kd4 Kh6 59. Rxa5 Kg5 60. Rb5 Rd3+ 61. Kc4 Ra3 62. Kb4 Ra1 63. Rc5 Kf4 64. a5 e3 65. Rc2 Kf3 66. Rh2 e2 67. Rh3+ Kg2 68. Re3 0-1

[Event "Uniagraria AlphaZero op 2nd"]
[Site "Uniagraria"]
[Date "2019.11.09"]
[Round "3"]
[White "Lancheros Lancheros, William"]
[Black "Garvin, Ricardo Luis"]
[Result "1-0"]
[WhiteElo "1479"]
[BlackElo "1672"]
[PlyCount "71"]
[EventDate "2019.11.08"]
[EventType "swiss"]
[EventRounds "7"]
[EventCountry "COL"]
[SourceTitle "CBM 193 Extra"]
[Source "ChessBase"]
[SourceDate "2020.01.31"]
[SourceVersion "1"]
[SourceVersionDate "2020.01.31"]
[SourceQuality "1"]

1. e4 e5 2. Nf3 Nf6 3. Nc3 Bb4 4. d3 h6 5. Be2 Nc6 6. 0-0 Bxc3 7. bxc3 d5 8. exd5 Nxd5 9. Bb2 0-0 10. c4 Nf4 11. Re1 Re8 12. Bf1 Bg4 13. h3 Bxf3 14. Qxf3 Nd4 15. Bxd4 Qxd4 16. Qxb7 Rab8 17. Qxc7 Rb2 18. Qc6 Reb8 19. Qe4 Rxc2 20. Qxd4 exd4 21. g3 Ne6 22. Re2 Rbb2 23. Rxc2 Rxc2 24. a4 Nc5 25. Rb1 a6 26. Rb8+ Kh7 27. Rd8 Nxa4 28. Rxd4 Nc3 29. Rd6 a5 30. d4 Rd2 31. d5 a4 32. Ra6 Rd1 33. d6 Nb1 34. c5 a3 35. c6 Rxd6 36. c7 1-0

[Event "Tunja Boyacense op"]
[Site "Tunja"]
[Date "2018.12.13"]
[Round "1"]
[White "Torres Rojas, Yuber Andres"]
[Black "Lancheros Lancheros, William"]
[Result "1-0"]
[WhiteElo "2033"]
[BlackElo "1501"]
[PlyCount "63"]
[EventDate "2018.12.13"]
[EventType "swiss"]
[EventRounds "7"]
[EventCountry "COL"]
[SourceTitle "CBM 187 Extra"]
[Source "ChessBase"]
[SourceDate "2018.11.04"]
[SourceVersion "1"]
[SourceVersionDate "2018.11.04"]
[SourceQuality "1"]

1. e4 e6 2. d4 d5 3. Bd3 c5 4. c3 c4 5. Bc2 Nc6 6. e5 a6 7. f4 Nge7 8. Ne2 Ng6 9. Nd2 Be7 10. Nf3 Bd7 11. Ng3 0-0 12. f5 exf5 13. Nxf5 f6 14. 0-0 fxe5 15. Nxe7+ Ngxe7 16. dxe5 Bf5 17. Be3 Bxc2 18. Qxc2 Rf5 19. Rae1 Qc7 20. Bc5 h6 21. Bd6 Qd7 22. Nd4 Rxf1+ 23. Rxf1 Rf8 24. Rxf8+ Kxf8 25. Nxc6 bxc6 26. Qf2+ Ke8 27. h3 Nf5 28. Bc5 Qe6 29. g4 Ne7 30. Bd6 Ng6 31. Qa7 Nxe5 32. Qb8+ 1-0

[Event "Sopo op"]
[Site "Sopo"]
[Date "2013.04.28"]
[Round "5"]
[White "Lancheros Lancheros, William"]
[Black "Rozo Pulido, Claudia Magally"]
[Result "0-1"]
[WhiteElo "1633"]
[BlackElo "1409"]
[PlyCount "25"]
[EventDate "2013.04.26"]
[EventType "swiss"]
[EventRounds "5"]
[EventCountry "COL"]
[SourceTitle "CBM 154 Extra"]
[Source "ChessBase"]
[SourceDate "2013.06.25"]
[SourceVersion "2"]
[SourceVersionDate "2013.06.25"]
[SourceQuality "1"]

1. e4 c5 2. Nf3 d6 3. d4 cxd4 4. Nxd4 Nf6 5. Nc3 a6 6. Be2 Qc7 7. Be3 e6 8. 0-0 Be7 9. f4 b5 10. a3 Bb7 11. Bf3 Nbd7 12. g4 Nc5 13. e5 0-1

[Event "Sopo op"]
[Site "Sopo"]
[Date "2013.04.27"]
[Round "3"]
[White "Lancheros Lancheros, William"]
[Black "Tobo, Sergio"]
[Result "1-0"]
[WhiteElo "1633"]
[BlackElo "1615"]
[PlyCount "63"]
[EventDate "2013.04.26"]
[EventType "swiss"]
[EventRounds "5"]
[EventCountry "COL"]
[SourceTitle "CBM 154 Extra"]
[Source "ChessBase"]
[SourceDate "2013.06.25"]
[SourceVersion "2"]
[SourceVersionDate "2013.06.25"]
[SourceQuality "1"]

1. e4 e6 2. d4 d5 3. Nd2 Nf6 4. exd5 exd5 5. Ngf3 Bd6 6. Bd3 0-0 7. 0-0 Bg4 8. h3 Bh5 9. Re1 c6 10. Nf1 Qc7 11. Bg5 Nbd7 12. Bh4 h6 13. Bg3 Rae8 14. Rxe8 Rxe8 15. Bxd6 Qxd6 16. Ng3 Bg6 17. Bxg6 fxg6 18. Qd3 Ne4 19. Re1 Ndf6 20. Ne5 Kh7 21. f3 Rxe5 22. dxe5 Qc5+ 23. Kh2 Nxg3 24. exf6 Qd6 25. fxg7 Ne2+ 26. Kh1 Ng3+ 27. Kg1 Kxg7 28. Qe3 Nf5 29. Qxa7 Qb4 30. Re8 Qxb2 31. Qb8 Qb6+ 32. Kh2 1-0